000 00695nab a2200217 a 4500
005 20210219162117.0
008 991125s1985 mx 000 0 spa u
035 _aUPN01000198140
049 _aART
100 1 _aSañudo Guerra, María Isabel
222 _aPERFILES EDUCATIVOS
245 _aAprender ciencia para el bien común
260 _aMéxico
300 _a29-38
362 0 _a2014 3a época, vol. 36, no. 143, suplemento
653 0 _aEDUCACION CIENTIFICA
653 0 _aCONOCIMIENTO CIENTIFICO
653 0 _aDIVULGACION CIENTIFICA
856 4 _uhttp://www.scielo.org.mx/scielo.php?script=sci_arttext&pid=S0185-26982014000100019&lng=pt&nrm=iso&tlng=es
905 _aArticulo
999 _c170241
_d170241